Campeonato Paulista 2021 - Times participantes - Statistics

Estatísticas Gerais
  • Esse quiz foi jogado 240 vezes
  • A pontuação média é 15 de 16
Estatísticas das Respostas
Cidade Clube % Correto
São Paulo Corinthians
100%
Santos Santos
99%
São Paulo São Paulo
99%
Mirassol Mirassol
98%
Santo André Santo André
97%
Limeira Internacional
96%
São Paulo Palmeiras
96%
Bragança Paulista Red Bull Bragantino
96%
Itu Ituano
95%
Campinas Ponte Preta
95%
São Caetano do Sul São Caetano
95%
Campinas Guarani
94%
Novo Horizonte Novorizontino
90%
Ribeirão Preto Botafogo
88%
Araraquara Ferroviária
82%
Sorocaba São Bento
78%
Nenhum quiz correspondente encontrado
Distribuição das Pontuações
Porcentagem de Pessoas com Cada Pontuação
Percentil de Números Respondidos
Sua Pontuação Histórica
Você não jogou esse quiz